| Tag |
First Indicator |
Second Indicator |
Subfields |
| LEADER |
00000cam a2200000 a 4500 |
| 001 |
in00000549246 |
| 005 |
20151014052347.0 |
| 007 |
hd af----b--- |
| 008 |
850419r19791979miu ab 00010 eng d |
| 035 |
|
|
|a (OCoLC)11939207
|
| 035 |
|
|
|9 ACJ8632AM
|
| 040 |
|
|
|a TXA
|c TXA
|d UtOrBLW
|
| 043 |
|
|
|a f-gh---
|
| 049 |
|
|
|a TXAI
|
| 099 |
|
|
|a film
|a B
|a 2213
|
| 100 |
1 |
|
|a Appiah, Kweku Otu Abaka.
|
| 245 |
1 |
4 |
|a The determinants of sixth form educational output :
|b a production function study of sixth form schooling in Ghana /
|c by Kweku Otu Abaka Appiah.
|
| 264 |
|
1 |
|a [Place of publication not identified] :
|b [publisher not identified] ;
|c 1979.
|
| 300 |
|
|
|a viii, 127 leaves.
|
| 336 |
|
|
|a text
|b txt
|2 rdacontent
|
| 337 |
|
|
|a microform
|b h
|2 rdamedia
|
| 338 |
|
|
|a microfilm reel
|b hd
|2 rdacarrier
|
| 502 |
|
|
|b Ed. D.
|c Columbia University
|d 1979.
|
| 504 |
|
|
|a Bibliography: leaves 103-108.
|
| 533 |
|
|
|a Microfilm.
|b Ann Arbor, Mich. :
|c University Microfilms International,
|d 1979.
|e 1 microfilm reel ; 35 mm.
|
| 500 |
|
|
|a Microform.
|
| 650 |
|
0 |
|a Education, Secondary
|z Ghana.
|
| 999 |
|
|
|a MARS
|
| 999 |
f |
f |
|s a56741e3-1906-3b0c-a6d0-b0c0b1a777b2
|i 0a6b8cd0-34ee-33a7-9918-9368c2cfcff1
|t 0
|
| 952 |
f |
f |
|p default
|a Texas A&M University
|b College Station
|c Sterling C. Evans Library
|d Evans: Microforms (3rd floor)
|t 0
|e film B 2213
|h Other scheme
|i microform -- microfilm reel
|
| 998 |
f |
f |
|a film B 2213
|t 0
|l Evans: Microforms (3rd floor)
|